00486nam a22001577a 450000500170000001000150001702000110003203500140004303700130005708200060007024500840007626000410016027000820020130000240028370000210030720190214120004.0 aENG-124791 c100.00 aEN-108323 bDBAD/PUB aS aMuktevi bharathi silent heaven and other stories/ctranslated by Swatee Sripada aHyderabadbSmitha Publicationsc2016 a301, Yamuna Apartments, RamantapurambHyderabade500013msweetee167@gmail.com avii,127pc21cm(pbk) a Sripada Swatee